| 000 | 00717 a2200193 4500 | ||
|---|---|---|---|
| 020 | _aPIBN 1000145404 | ||
| 082 | _a514 | ||
| 090 |
_c1738 _d1738 |
||
| 100 | _aCasey, John | ||
| 245 |
_aA treatise on spherical trigonometry, and its application to geodesy and astronomy _bwith numerous examples _cJohn Casey _pSNSVolume 1 of 2 |
||
| 250 | _a1889 | ||
| 260 |
_aLondon _bDublin: Hodges, Figgis & Co. _c1889 |
||
| 300 | _a165 | ||
| 490 | _aClassical Reprint Series - Forgotten Books | ||
| 800 | _d2013 | ||
| 830 | _aClassical Reprint Series - Forgotten Books | ||
| 942 |
_aSNS _cBK _k514 CAS |
||
| 999 |
_c30345 _d30345 |
||